|
|
|
|
| LEADER |
00000nab a2200000 a 4500 |
| 001 |
vtls000763378 |
| 003 |
SK-MaSNL |
| 005 |
20260319074936.0 |
| 008 |
160321c2001 xo 0 hun |
| 015 |
|
|
|a SNBRB2001/07-21695
|
| 035 |
|
|
|a CLN000115165
|
| 040 |
|
|
|a SNKBUCL
|b slo
|c SNKBUCL
|e AACR2
|
| 041 |
0 |
|
|a hun
|
| 044 |
|
|
|a xo
|c SK
|
| 080 |
|
|
|a 796.332.071
|2 UDC-MRF-SK2
|
| 080 |
|
|
|a 929 Babos, Gábor
|2 UDC-MRF-SK2
|
| 100 |
1 |
|
|a Horváth, Péter
|4 ain
|
| 245 |
1 |
0 |
|a A tizenegyesölő magyar kapus
|b Babos Gábort, a NAC Breda hálóőrét bajnoki remeklése után szerződtetné a Feyenord Rotterdam
|c Horváth Péter, Babos Gábor
|
| 300 |
|
|
|b Fotogr.
|
| 504 |
|
|
|a Biogr. údaje
|
| 600 |
1 |
7 |
|a Babos, Gábor,
|d 1974-
|2 snkbucl
|9 849957
|
| 655 |
|
7 |
|a články z novín a časopisov
|2 snkbucl
|9 267496
|
| 700 |
1 |
|
|a Babos, Gábor
|d 1974-
|4 aut
|4 uin
|9 849957
|
| 773 |
0 |
|
|t Új szó
|g Roč. 54, č. 145 (25.6.2001), s. 15
|
| 850 |
|
|
|a Slovenská národná knižnica v Martine
|
| 852 |
|
|
|a SNK
|b KIS3GCP
|
| 958 |
|
|
|a HU
|
| 958 |
|
|
|a BC
|
| 958 |
|
|
|a RBX
|
| 999 |
|
|
|c 1367172
|d 1369102
|